[Event "Mestre Cipressina op-B 3rd"]
[Site "Mestre"]
[Date "2014.11.29"]
[Round "3"]
[White "Lo Duca, Massimiliano"]
[Black "Rossi, Gianni"]
[Result "0-1"]
[WhiteElo "1521"]
[BlackElo "1797"]
[PlyCount "114"]
[EventDate "2014.11.28"]
[EventType "swiss"]
[EventRounds "5"]
[EventCountry "ITA"]
[SourceTitle "EXT 2022"]
[Source "ChessBase"]
[SourceDate "2021.10.06"]
[SourceVersion "1"]
[SourceVersionDate "2021.10.06"]
[SourceQuality "1"]

1. e4 Nf6 2. e5 Nd5 3. d4 d6 4. c4 Nb6 5. Nf3 Bg4 6. Be2 Nc6 7. Nbd2 e6 8. b3 Be7 9. Bb2 0-0 10. 0-0 dxe5 11. Nxe5 Bxe2 12. Nxc6 Bxd1 13. Nxd8 Rfxd8 14. Raxd1 a5 15. a4 Rd7 16. f4 Rad8 17. Nf3 Bf6 18. Ne5 Bxe5 19. fxe5 c5 20. Rf4 Nc8 21. Kf2 Ne7 22. g4 Nc6 23. Re4 cxd4 24. Ba3 Nb4 25. Bxb4 axb4 26. Ke2 d3+ 27. Ke3 d2 28. c5 Rd3+ 29. Ke2 Rxb3 30. Rxd2 Rxd2+ 31. Kxd2 Kf8 32. Kc2 Rc3+ 33. Kb2 Rxc5 34. h4 Ke7 35. Kb3 b6 36. Kxb4 f5 37. exf6+ gxf6 38. Rc4 Rxc4+ 39. Kxc4 Kd6 40. Kb5 e5 41. Kxb6 e4 42. a5 e3 43. a6 e2 44. a7 e1Q 45. a8Q Qb1+ 46. Ka7 Qa1+ 47. Kb7 Qxa8+ 48. Kxa8 Ke5 49. Kb7 Kf4 50. g5 fxg5 51. hxg5 Kxg5 52. Kc6 h5 53. Kd5 Kf4 54. Kd4 Kf3 55. Kd3 h4 56. Kd2 h3 57. Ke1 h2 0-1

[Event "Veneto-ch qf 63rd"]
[Site "Arqua Petrarca"]
[Date "2003.05.10"]
[Round "4.29"]
[White "Canazza, Alessandro"]
[Black "Lo Duca, Massimiliano"]
[Result "1-0"]
[WhiteElo "1615"]
[BlackElo "1300"]
[PlyCount "116"]
[EventDate "2003.05.03"]
[EventType "swiss"]
[EventRounds "6"]
[EventCountry "ITA"]
[SourceTitle "EXT 2024"]
[Source "ChessBase"]
[SourceDate "2023.10.10"]
[SourceVersion "1"]
[SourceVersionDate "2023.10.10"]
[SourceQuality "1"]

1. d4 e6 2. c4 f5 3. g3 Nf6 4. Bg2 Bb4+ 5. Nd2 0-0 6. a3 Be7 7. Ngf3 a5 8. 0-0 Ra7 9. Ne5 d6 10. Nd3 b6 11. Qc2 Na6 12. b3 Bb7 13. Bxb7 Rxb7 14. b4 c6 15. Nf3 Ra7 16. Bd2 Ne4 17. bxa5 bxa5 18. Qa4 Nb8 19. Rfb1 c5 20. Nf4 Rf6 21. d5 Nxd2 22. Nxd2 exd5 23. Nxd5 Rf8 24. Rb3 Nd7 25. Nf1 Qe8 26. Rab1 Nf6 27. Qxe8 Rxe8 28. Nfe3 Ne4 29. Nxf5 Bf8 30. R1b2 Rf7 31. Rf3 Ng5 32. Re3 Rxe3 33. Nfxe3 Nh3+ 34. Kg2 Nxf2 35. Rb8 Ne4 36. Nf4 Nc3 37. Ne6 Nxe2 38. Nd5 Nd4 39. Ne7+ Kh8 40. Rxf8+ Rxf8 41. Nxf8 a4 42. Nd5 Nc2 43. Nc3 Nxa3 44. Nxa4 Nxc4 45. Ne6 Kg8 46. Kf3 Kf7 47. Nf4 Kf6 48. Ke4 g5 49. Nd3 Ke6 50. Nab2 Nd2+ 51. Ke3 Nb3 52. Ke4 d5+ 53. Kf3 h5 54. h4 g4+ 55. Kf4 Kf6 56. Ke3 Kf5 57. Nf4 d4+ 58. Kd3 Na5 1-0